| Tag |
First Indicator |
Second Indicator |
Subfields |
| LEADER |
00000cam a2200000 a 4500 |
| 001 |
in00001663229 |
| 005 |
20151024121154.0 |
| 008 |
001103s1995 mx b 000 0 spa |
| 010 |
|
|
|a 00436165
|
| 020 |
|
|
|a 9688425117
|
| 035 |
|
|
|a (OCoLC)ocm36546837
|
| 040 |
|
|
|a DLC
|c DLC
|d EL$
|d TXA
|d UtOrBLW
|
| 049 |
|
|
|a TXAM
|
| 050 |
0 |
0 |
|a JC574
|b .O76 1995
|
| 082 |
0 |
0 |
|a 320.51
|2 21
|
| 100 |
1 |
|
|a Orozco, José Luis,
|d 1940-
|
| 245 |
1 |
0 |
|a Sobre el órden liberal del mundo /
|c José Luis Orozco.
|
| 250 |
|
|
|a 1. ed.
|
| 264 |
|
1 |
|a México, D.F. :
|b Centro Coordinador de Estudios Latinoamericanos :
|b M.A. Porrúa Grupo Editorial,
|c 1995.
|
| 300 |
|
|
|a 222 pages ;
|c 21 cm.
|
| 336 |
|
|
|a text
|b txt
|2 rdacontent
|
| 337 |
|
|
|a unmediated
|b n
|2 rdamedia
|
| 338 |
|
|
|a volume
|b nc
|2 rdacarrier
|
| 490 |
1 |
|
|a Colección Las Ciencias sociales
|
| 504 |
|
|
|a Includes bibliographical references.
|
| 650 |
|
0 |
|a Liberalism
|x History
|y 20th century.
|
| 650 |
|
0 |
|a Free enterprise
|x History
|y 20th century.
|
| 650 |
|
4 |
|a Política mundial
|y Siglo XX.
|
| 651 |
|
4 |
|a Política económica
|y Siglo XX.
|
| 651 |
|
4 |
|a Capitalismo.
|
| 830 |
|
0 |
|a Colección Las ciencias sociales.
|
| 948 |
|
|
|a cataloged
|b h
|c 2002/2/27
|d c
|e cmulkey
|f 8:50:30 am
|
| 994 |
|
|
|a E0
|b TXA
|
| 999 |
|
|
|a MARS
|
| 999 |
f |
f |
|s 97d78915-99f9-3db4-b10a-80bee4797c29
|i db65e4b3-d52a-3a84-bc7f-7fedb55bfdaa
|t 0
|
| 952 |
f |
f |
|p ric
|a Texas A&M University
|b Rellis Campus
|c Joint Library Facility
|d Remote Storage
|t 0
|e JC574 .O76 1995
|h Library of Congress classification
|i unmediated -- volume
|m A14828461798
|
| 998 |
f |
f |
|a JC574 .O76 1995
|t 0
|l Remote Storage
|